Statistiques concernant Régions d'Espagne - Carte Quiz

Cliquez ici pour prendre le quiz!

Statistiques générales

  • Ce quiz a été pris 13 442 fois
  • Le résultat moyen est 10 sur 17

Réponses sur la Carte

Les réponses sont colorées sur une échelle allant du rouge au vert en fonction du pourcentage des utilisateurs qui les ont devinées à leur premier essai. Vous pouvez retrouver ces pourcentages ci-dessous.
Chargement ...
 

Statistiques - réponses

Réponse% Correct
Îles Canaries
87%
Andalousie
86%
Îles Baléares
85%
Catalogne
84%
Madrid
77%
Pays basque
61%
Galice
61%
Pays valencien
61%
Castile-et-León
56%
Murcie
52%
Estrémadure
47%
Castille-La Manche
47%
Asturies
46%
Aragon
43%
Navarre
38%
La Rioja
38%
Cantabrie
29%

Distribution des résultats

Percentile par nombre de réponses

% des personnes avec chaque résultat

Votre développement - résultats

Vous n’avez pas pris ce quiz